Emblemata centum, regio politica ligneis laminis a ffabre caelata, vividisque et limitatis carminibus explicita et singularibus commentariis affatim illustrata (Registro nro. 273595)

Detalles MARC
000 -ENCABEZADO
Número de control [NR] 01873nam a22002777a 4500
005 - FECHA Y HORA DE LA ÚLTIMA TRANSACCIÓN
control field 20140903175126.0
008 - DE LONGITUD FIJA DE DATOS DE ELEMENTOS - INFORMACIÓN GENERAL
Elementos de longitud fija [NR] 140611n a|||fr|||| 000 0 latsd
040 ## - FUENTE DE CATALOGACION [NR]
Quien Cataloga Sandra Yazo
Quien Clasifica Sandra Yazo
041 0# - CODIGO DE IDIOMA [R]
Código de idioma para texto/pista de sonido o título separado [R] Latín
082 04 - NUMERO DE CLASIFICACION DECIMAL DEWEY [R]
Número de la edición [NR] 20
Número de clasificación [R] 172
092 ## - SIGNATURA TOPOGRAFICA LOCAL
Número de clasificación local E30N038
100 1# - ASIENTO PRINCIPAL--NOMBRE PERSONAL [NR]
Nombre personal [NR] Solórzano Pereira, Juan de
Fechas asociadas con el nombre [NR] 1575-1655
ID Autoridad 35710
242 00 - TRADUCCION DEL TITULO POR LA AGENCIA CATALOGADORA [R]
Título [NR] Cien emblemas de tema político, cincelados en madera por el artífice, comentados en poemas vivaces y pulidos; explicados abundantemente con sus respectivos comentarios.
Mención de responsabilidad, etc. [NR] Juan De Solórzano y Pereira
Código de idioma del título traducido [NR] spa
245 10 - MENCION DE TITULO [NR]
Título [NR] Emblemata centum, regio politica ligneis laminis a ffabre caelata, vividisque et limitatis carminibus explicita et singularibus commentariis affatim illustrata
Mención de responsabilidad, etc. [NR] Ioannis de Solorzano Pereira
246 28 - FORMA VARIANTE DEL TITULO [R]
Título propiamente dicho/forma breve del título [NR] Emblem de Solorzano
260 ## - PUBLICACION, DISTRIBUCION, ETC. (PIE DE IMPRENTA) [R]
Lugar de publicación, distribución, etc. [R] [Lugar desconocido]
Nombre del editor, distribuidor, etc. [R] [Editorial desconocida]
Fecha de publicación, distribución, etc. [R] [fecha desconocida]
300 ## - DESCRIPCION FISICA [R]
Extensión [R] 602, 61 páginas.
Dimensiones [R] 37 x 25 cm.
500 ## - NOTA GENERAL [R]
Nota general [NR] Detalles físicos: Encuadernación flexible en pergamino. Guardas rotas. Ejemplar mútilo, primeras páginas arrancadas, sin portada. Texto completo inicia en la página 11. Texto impreso en una columna, enmarcada en un doble recuadro. Varios tamaños de letra. Notas al pie de página, en cada emblema incluye un grabado xilográfico. Signaturas. Reclamos. Páginas 371 a 374 desprendida.
500 ## - NOTA GENERAL [R]
Nota general [NR] Título asignado según el contenido.
520 ## - NOTA DE RESUMEN, ETC. [R]
Nota de sumario, etc. [NR] Cien emblemas grabados, con sus correspondientes títulos o lemas, alusivos a la institución real y al buen gobierno. Comentados en unos versos latinos, y explicados a continuación por el autor, con abundantes citas de autores clásicos.
546 ## - NOTA DE IDIOMA [R]
Nota de idioma [NR] Texto en latín.
650 #7 - ASIENTO SECUNDARIO DE MATERIA - TERMINO TEMATICO [R]
9 (RLIN) 14032
Término temático o nombre geográfico como elemento de entrada [NR] Emblemas
Subdivisión general [R] Obras anteriores a 1800
650 #7 - ASIENTO SECUNDARIO DE MATERIA - TERMINO TEMATICO [R]
9 (RLIN) 15256
Término temático o nombre geográfico como elemento de entrada [NR] Ética política
Subdivisión general [R] Obras anteriores a 1800
690 ## - ASUNTO AGREGADO LOCAL DE ENTRADA - TÉRMINO TEMÁTICO (OCLC, RLIN)
9 (RLIN) 42754
Acceso temático local Ciencia política
942 ## - ELEMENTOS DE ENTRADA AGREGADOS (KOHA)
Tipo de ítem principal el descrito en 300a Libro
Edición 1
Sistema de clasificación DEWEY
Clasificación 172
Existencias
Suprimido Perdido Sistema de clasificación Dañado No prestable Tipo de ítem específico Ubicación habitual Ubicación actual Localización Fecha de creación Forma de adquisición Costo Total préstamos Signatura topográfica Código de barras Última vez visto Ejemplar Price effective from Tipo de ítem
    LOCAL     Libro archivo Archivo Histórico Archivo Histórico Archivo histórico 11/06/2014 Donación 0.00   E30N038 L004243 11/06/2014 Ej.1 11/06/2014 Libro